000 00294nam a22001217a 4500
008 171019b xxu||||| |||| 00| 0 eng d
041 _aeng
080 _a338
100 _a53
101 _amng
245 _aSECURITY SELECTION AND ACTIVE PORTFOLIO MANAGEMENT
_cBERNSTEIN, P.L
942 _2udc
_cBK
999 _c34807
_d34807